London landmarks. - Statistics

General Stats
  • This quiz has been taken 71 times
  • The average score is 11 of 16
Answer Stats
Picture Answer % Correct
Big ben
97%
Queen Elizabeth
92%
Tower bridge
92%
Tube / London underground
88%
Buckingham palace
80%
Oyster travel card
78%
St Paul's Cathedral
78%
Black cab / taxi
76%
Bus / routemaster
73%
Last-minute.com London eye
71%
Elizabeth tower clock
59%
Oxford street
53%
Thames
53%
Millenium bridge
49%
Parliament
31%
Victoria and Albert museum
27%
No matching quizzes found
Score Distribution
Percent of People with Each Score
Percentile by Number Answered
Your Score History
You have not taken this quiz